00605 2200193 4500001002100000005001500021035002000036007000300056008004100059082001000100084001600110100002100126245008800147260007200235300003800307650000900345650001700354650004000371INLIS00000000000149520250918025824 a0010-0925000009ta250918 g 0 ind  a633.1 a633.1 RIM p0 aRima Purnamayani1 aPedoman Umum Penguatan Kapasitas Penerap Standar Pertanian 2024 /cRima Purnamayani aJakarta :bBalai Besar Penerapan Standar Instrumen Pertanian,c2024 a67 hlm, :bilus, ;c15 cm x 21 cm 4aBuku 4aPedoman Umum 4aKapasitas Penerap Standar Pertanian